Reforma verejnej správy na Slovensku v roku 1940 s osobitným zameraním na obnovenie Župného úradu v Nitre

Bibliographic Details
Main Author: Janas, Karol, 1970- (Author)
Other Authors: Dvorecký, Michal, 1979- (Translator)
Format: Article
Language:Slovak
ISBN:8080507023
Subjects:

MARC

LEADER 00000nab a2200000 ar4500
001 vtls008424634
003 SK-MaSNL
005 20260303065917.0
008 060118c2003 xo |||||||ab 0|| b|slo
015 |a SNBRA2006/01  |2 snkbucl 
038 |a SNKBUCL 
040 |a SNKBUCL  |b slo  |c SNKBUCL  |e AACR2 
041 0 |a slo  |b ger 
044 |a xo  |c SK 
080 |a 94(437.6):352  |x "1940"  |2 UDC-MRF-SK2 
080 |a 352  |x (437.6)  |x "1940"  |2 UDC-MRF-SK2 
100 1 |a Janas, Karol,  |d 1970-  |4 aut  |9 104505 
245 1 0 |a Reforma verejnej správy na Slovensku v roku 1940 s osobitným zameraním na obnovenie Župného úradu v Nitre  |c Karol Janas 
500 |a Res. prel. Michal Dvorecký 
504 |a Bibliogr. odkazy a pozn. 
546 |a Res. nem. 
610 2 7 |a Župný úrad (Nitra, Slovensko)  |2 snkbucl  |9 188687 
648 7 |a 1940  |2 snkbucl  |9 308835 
650 0 7 |a verejná správa  |z Slovensko  |y 1940  |2 snkbucl  |9 1066600 
650 0 7 |a reforma verejnej správy  |z Slovensko  |y 1940  |2 snkbucl  |9 1066601 
651 7 |a Nitrianska župa (Slovensko)  |x dejiny  |y 1940  |2 snkbucl  |9 1066602 
700 1 |a Dvorecký, Michal,  |d 1979-  |4 trl  |9 176899 
773 0 |t Studia historica Nitriensia 11  |d Nitra : Univerzita Konštantína Filozofa, 2003  |g S. 157-163  |z 8080507023 
852 |a SNK  |b KIS3GCP 
958 |a NB 
999 |c 1753224  |d 1755154